| 000 | 02489nam0a2200385 4500 | ||
|---|---|---|---|
| 001 | RU\NLR\BIBL_A\016246435 | ||
| 005 | 20230309153101.0 | ||
| 010 |
_a978-5-907578-04-3 _9500 |
||
| 021 |
_aRU _bКН-П-22-085033 _9КН-П-22-7511 |
||
| 035 | _a(NLR Aleph) 016246435 | ||
| 035 | _a(RuMoRGB)011420940 | ||
| 090 |
_a12813941 _c12813941 |
||
| 100 | _a20221223d2022 u y0rusy50 ca | ||
| 101 | 0 | _arus | |
| 102 | _aRU | ||
| 105 | _ay|||z|||000gy | ||
| 181 | 0 |
_ai _baxxe |
|
| 182 | 0 | _an | |
| 200 | 1 |
_a#Оченьлирика _eстихотворения _fСергей Коколов |
|
| 203 |
_aТекст _bвизуальный _cнепосредственный |
||
| 210 |
_aВолгоград _cПерископ-Волга _d2022 |
||
| 215 |
_a143, [4] с. _d21 |
||
| 300 | _aВ аннот. авт.: Сергей Коколов (также известный как Серж Кокс) | ||
| 327 | 1 | _aСодерж.: циклы: #оченьлирика#любовная, #оченьлирика #безраздельная, #оченьлирика#светлопечальная, #оченьлирика# сетературная, #оченьлирика#литературная, #оченьлирика#музыкальная, #оченьлирика#нюартная | |
| 330 | _aЛирика Сергея Коколова (также известного как Серж Кокс) с приставкой "очень": очень тонкая, хрупкая даже, почти хрустальная, очень эмпатическая - автор ставит себя на место собеседника, в качестве которого выступает читатель. В книге семь разделов: оченьлирика любовная, оченьлирика безраздельная, оченьлирика светлопечальная, оченьлирика сетературная, оченьлирика литературная, оченьлирика музыкальная, оченьлирика нюартная....и в каждом из них лирика.. | ||
| 333 | _a16+ | ||
| 675 |
_a821.161.1-1 _v4 |
||
| 686 | 2 | _aШ6(2=Р)8-5 | |
| 700 | 1 |
_aКоколов _bС. Б. _gСергей Борисович _3RU\NLR\AUTH\770253282 |
|
| 942 | _cBOOK | ||
| 980 | _aNB | ||